Países con más vacas que personas - Estadísticas

Estadísticas generales
  • Esta prueba ha sido intentada 2.352 veces
    1.207 desde el último reinicio
  • La puntuación promedio es 4 de 10
Estadísticas de respuestas
Continente País Razón % Correcto
América Argentina 1,16
73%
América Uruguay 3,53
64%
Oceanía Australia 1,14
63%
América Paraguay 1,98
50%
Oceanía Nueva Zelanda 1,83
49%
Asia Mongolia 1,47
38%
Europa Irlanda 1,21
32%
África Chad 1,99
17%
América Brasil 1,13
13%
África Sudán del Sur 1,21
12%
No se encontraron pruebas coincidentes
Distribución de puntuación
Porcentaje de gente con cada puntuación
Porcentaje por número respondido
Historial de tus puntuaciones
No has intentado esta prueba desde el último reinicio